Triceratops / (Registro nro. 2469)

Detalles MARC
000 -CABECERA
Longitud fija campo de control 01013nam a2200289 a 4500
003 - • IDENTIFICADOR DELl NÚMERO DE CONTROL
Identificador del número de control CO-ViMGA
008 - • CÓDIGOS DE INFORMACIÓN DE LONGITUD FIJA
Códigos de información de longitud fija 141112s2004 ck r 000 u spa d
020 ## - • NÚMERO INTERNACIONAL NORMALIZADO PARA LIBROS
Número Internacional Normalizado para Libros (ISBN) 9789583039430
040 ## - FUENTE DE LA CATALOGACIÓN
Centro catalogador de origen CO-ViMGA
Lengua de catalogación spa
Centro transcriptor CO-ViMGA
041 ## - • CÓDIGO DE LENGUA
Código de lengua del texto/banda sonora o título independiente SPA
082 04 - • NÚMERO DE LA CLASIFICACIÓN DECIMAL DEWEY
Número de clasificación (R) 567.9158 B13t
100 1# - • PUNTO DE ACCESO PRINCIPAL-NOMBRE DE PERSONA
Nombre de persona Bailey, Gerry
245 10 - • TITULO PROPIAMENTE DICHO
Título Triceratops /
Mención de responsabilidad, etc. Gerry Bailey ; ilustración Kren Carr ; tradución Cristina Ramos
250 ## - • MENCIÓN DE EDICIÓN
Mención de edición 1a ed.
300 ## - • DESCRIPCIÓN FÍSICA
Extensión 32 p. : il. col. : il.
490 ## - • MENCIÓN DE SERIE
Mención de serie Zona - prehistórica del Smithsonian
650 14 - • PUNTO DE ACCESO ADICIONAL DE MATERIA - TÉRMINO DE MATERIA
Término de materia o nombre geográfico como elemento inicial ANIMALES EXTINTOS - HABITOS Y CONDUCTA - ENSEÑANZA ELEMENTAL
650 14 - • PUNTO DE ACCESO ADICIONAL DE MATERIA - TÉRMINO DE MATERIA
Término de materia o nombre geográfico como elemento inicial DESDE LOS 6 AÑOS
650 14 - • PUNTO DE ACCESO ADICIONAL DE MATERIA - TÉRMINO DE MATERIA
Término de materia o nombre geográfico como elemento inicial DINOSAURIOS - CLASIFICACION
650 14 - • PUNTO DE ACCESO ADICIONAL DE MATERIA - TÉRMINO DE MATERIA
Término de materia o nombre geográfico como elemento inicial DINOSAURIOS - HABITOS Y CONDUCTA - ENSEÑANZA ELEMENTAL
650 14 - • PUNTO DE ACCESO ADICIONAL DE MATERIA - TÉRMINO DE MATERIA
Término de materia o nombre geográfico como elemento inicial REPTILES FOSILES - HABITOS Y CONDUCTA - ENSEÑANZA ELEMENTAL
700 1# - • PUNTO DE ACCESO ADICIONAL - NOMBRE DE PERSONA
Nombre de persona Carr, Karen
700 1# - • PUNTO DE ACCESO ADICIONAL - NOMBRE DE PERSONA
Nombre de persona Ramos Solis, Cristina
942 ## - ENTRADA DE ELEMENTOS AGREGADOS (KOHA)
Fuente de clasificaión o esquema Dewey Decimal Classification
Koha [por defecto] tipo de item LIbro
Existencias
Perdido Fuente de clasificación o esquema Estado Físico No para préstamo Forma de adquisición Localización permanente Localización actual Localización en estanterías Fecha adquisición Préstamos totales Signatura completa Código de barras Fecha última consulta Número de copia Fecha del precio de reemplazo Tipo de item de Koha Serie de enumeración / cronolog&íacute;a Renovaciones totales Fecha último préstamo Prestado Note pública Fuente de adquisición Calificador de ubicación codificada
  Dewey Decimal Classification     Colección General Biblioteca Pública Lejanias Biblioteca Pública Lejanias General 02/04/2026   567.9158 B13t LEJ02067 02/04/2026 Ej.1 02/04/2026 LIbro              
  Dewey Decimal Classification     Colección General Biblioteca Pública Lejanias Biblioteca Pública Lejanias General 02/04/2026   567.9158 B13t LEJ02068 02/04/2026 Ej.1 02/04/2026 LIbro              
  Dewey Decimal Classification     Infantil Biblioteca Pública San Carlos de Guaroa - Eduardo Carranza Biblioteca Pública San Carlos de Guaroa - Eduardo Carranza Sala Infantil 06/30/2023   567.9158 SG00805 06/30/2023 Ej.1 06/30/2023 Libro Infantil              
        Colección Sala Infantil de Literatura Pocatil y Tilín Biblioteca Pública Departamental Eduardo Carranza - Villavicencio Biblioteca Pública Departamental Eduardo Carranza - Villavicencio Sala Infantil 02/22/2013 1 C BAI ECA21841 07/10/2025 Ej.1 11/26/2024 LIbro     07/10/2025 07/24/2025 16308 | 21092    
  Dewey Decimal Classification     Sala Infantil Segundo Piso Biblioteca Pública Germán Arciniegas - Villavicencio Biblioteca Pública Germán Arciniegas - Villavicencio   12/04/2015 1 567.9158 B13t 25870 03/17/2018 Ej. 1 12/04/2015 LIbro 16/abr/2013 1 03/16/2018        
  Dewey Decimal Classification     Infantil Biblioteca Pública Guamal Biblioteca Pública Guamal Sala Infantil 03/01/2023   567.9158 GUA001824 03/01/2023 Ej.1 03/01/2023 Libro Infantil              
  Dewey Decimal Classification     Infantil Biblioteca Pública La Macarena Biblioteca Pública La Macarena Sala Infantil 08/14/2024   567.9158 B13t LM001712 08/14/2024 Ej.1 08/14/2024 LIbro              
  Dewey Decimal Classification     Colección General Biblioteca Pública Rural El Yarí- vereda Playa Rica La Macarena Biblioteca Pública Rural El Yarí- vereda Playa Rica La Macarena General 06/12/2025   567.9158 B13t BPM'700 07/03/2025 Ej.1 07/03/2025 LIbro           ministerio de cultura BPM'700
  Dewey Decimal Classification     Infantil Biblioteca Pública San Juanito - Ernesto Maria Peña Romero Biblioteca Pública San Juanito - Ernesto Maria Peña Romero Sala Infantil 01/21/2025   567.9158 B13t SJU01225 01/21/2025 Ej.1 01/21/2025 LIbro              









Instituto Departamental de Cultura del Meta - Red Departamental de Bibliotecas Públicas del Meta.